| 000 | 00687nas a22002177a 4500 | ||
|---|---|---|---|
| 999 |
_c6574 _d6574 |
||
| 003 | OSt | ||
| 005 | 20190828153813.0 | ||
| 008 | 130705c1962 xxubr||| |||| 00| 0 eng d | ||
| 022 | _a0010-194X | ||
| 040 |
_cCDMR _bcat |
||
| 245 | _aColumbia journalism review | ||
| 260 |
_aNew York _bGraduate School of Journalism of Columbia University _c[1962]- |
||
| 300 |
_av. _bil. _c29 cm. |
||
| 310 | _aBimestral | ||
| 362 | _aSpring 1962 - | ||
| 650 | 0 | 4 |
_9983 _aÈtica periodística _vRevistes |
| 650 | 0 | 4 |
_93919 _aPeriodisme _vRevistes |
| 710 | 2 |
_93918 _aColumbia University _b -- Graduate School of Journalism |
|
| 856 | 4 | 0 |
_uhttp://www.cjr.org/issues/ _yDisponible en línia |
| 942 |
_2udc _cSER _s1 |
||